[Event "World Blitz Women 2023"]
[Site "Samarkand UZB"]
[Date "2023.12.30"]
[Round "12.17"]
[White "Kamalidenova, Meruert"]
[Black "Tsolakidou, Stavroula"]
[Result "1-0"]
[WhiteElo "2314"]
[BlackElo "2345"]
[EventDate "2023.12.29"]

1. e4 c5 2. Nf3 d6 3. Bb5+ Nc6 4. O-O Bd7 5. c3 Nf6 6. Re1 a6 7. Bf1 e5 8.
h3 g5 9. d4 g4 10. hxg4 Bxg4 11. d5 Ne7 12. Bg5 Ng6 13. g3 h6 14. Bxf6 Qxf6
15. Bg2 h5 16. Qd3 h4 17. Nh2 Bd7 18. Nd2 O-O-O 19. b4 Be7 20. bxc5 dxc5
21. Rab1 hxg3 22. fxg3 Rdg8 23. Rf1 Nf4 24. gxf4 Rh3 25. Rf3 Qh4 26. Ndf1
exf4 27. d6 Bf6 28. e5 Bxe5 29. Rxb7 Rxf3 30. Qxf3 1-0

[Event "World Blitz Women 2023"]
[Site "Samarkand UZB"]
[Date "2023.12.30"]
[Round "12.18"]
[White "Lesbekova, Assel"]
[Black "Ushenina, Anna"]
[Result "0-1"]
[WhiteElo "1861"]
[BlackElo "2334"]
[EventDate "2023.12.29"]

1. e4 c5 2. Nf3 a6 3. c3 d5 4. exd5 Qxd5 5. d4 e6 6. Be2 Nf6 7. h3 Be7 8.
O-O O-O 9. Be3 Nbd7 10. c4 Qc6 11. Ne5 Qc7 12. Bf4 Bd6 13. Nxd7 Bxd7 14.
Bxd6 Qxd6 15. dxc5 Qxc5 16. Nc3 Bc6 17. Qc1 Rfd8 18. Qf4 Rd4 19. Qe3 Rad8
20. Rad1 e5 21. a3 Qd6 22. b4 b6 23. Rfe1 h6 24. Bf3 Bxf3 25. Qxf3 Qc7 26.
Nd5 Nxd5 27. Rxd4 exd4 28. cxd5 Qd6 29. Qd3 Qxd5 30. Qxa6 b5 31. Qb6 d3 32.
Rd1 Ra8 33. Qc5 Qxc5 34. bxc5 Rxa3 35. c6 Rc3 36. c7 Rxc7 37. Rxd3 Rb7 38.
Rb3 Kf8 39. Kf1 Ke7 40. Ke2 Kd6 41. Kd3 Kc5 42. Kc3 b4+ 43. Kb2 Re7 44. Rf3
f6 45. Kb3 Rd7 46. Rg3 Rb7 47. Rf3 Kd4 48. Re3 h5 49. Re8 Ra7 50. Rh8 Ra5
51. h4 Rf5 52. f3 Ke3 53. Rg8 g5 54. Kxb4 gxh4 55. Kc4 h3 56. Re8+ Kf2 57.
gxh3 Rxf3 58. Rf8 Kg3 59. Rh8 h4 60. Kd4 Kxh3 61. Ke4 Rg3 62. Kf4 Rg6 63.
Kf5 Rg3 64. Kf4 Rg2 65. Kf3 Rg1 66. Kf2 Rg5 67. Kf3 Rf5+ 68. Ke4 Rf1 69.
Ke3 Kg3 70. Rg8+ Kh2 71. Ke2 Rf4 72. Ke3 Rf5 73. Ke4 Rf1 74. Ke3 h3 75. Ke2
Rf5 76. Rg6 Rf4 77. Ke3 Rf1 78. Ke2 Rg1 79. Rxf6 Rg3 80. Kf2 Rg2+ 81. Kf1
Rg4 82. Kf2 Rc4 83. Rg6 Rc2+ 84. Kf1 Rc4 85. Kf2 Rf4+ 86. Ke3 Rf5 87. Ke2
Rf7 88. Ke1 Rf3 89. Ke2 Rg3 90. Rf6 Kg2 91. Rf2+ Kh1 92. Rf1+ Rg1 93. Rf3
Kg2 94. Rf2+ Kg3 95. Rf3+ Kg4 96. Rf8 h2 97. Rg8+ Kf4 98. Rf8+ Ke5 99. Re8+
Kd6 100. Rd8+ Ke5 0-1

[Event "World Blitz Women 2023"]
[Site "Samarkand UZB"]
[Date "2023.12.30"]
[Round "12.19"]
[White "Divya, Deshmukh"]
[Black "Gaboyan, Susanna"]
[Result "1-0"]
[WhiteElo "2315"]
[BlackElo "2086"]
[EventDate "2023.12.29"]

1. e4 c5 2. Nf3 Nc6 3. d4 cxd4 4. Nxd4 e5 5. Nb5 a6 6. Nd6+ Bxd6 7. Qxd6
Qf6 8. Qd1 Qg6 9. Nc3 Nf6 10. f3 O-O 11. Be3 b5 12. Qd6 b4 13. Na4 Nd4 14.
Bxd4 exd4 15. Qxd4 d5 16. e5 Re8 17. O-O-O Qg5+ 18. f4 Qg4 19. exf6 Bf5 20.
Bd3 Be4 21. Bxe4 Qxf4+ 22. Kb1 dxe4 23. Nb6 Rab8 24. Nd5 Qg4 25. fxg7 Rbd8
26. Nf6+ 1-0

[Event "World Blitz Women 2023"]
[Site "Samarkand UZB"]
[Date "2023.12.30"]
[Round "12.20"]
[White "Ni, Shiqun"]
[Black "Matnadze Bujiashvili, Ann"]
[Result "1-0"]
[WhiteElo "2270"]
[BlackElo "2428"]
[EventDate "2023.12.29"]

1. e4 c6 2. Nf3 g6 3. d4 Bg7 4. Nc3 d6 5. Be2 Nh6 6. O-O f6 7. e5 dxe5 8.
dxe5 Qxd1 9. Rxd1 Nf7 10. exf6 exf6 11. Bc4 O-O 12. Ne4 Kh8 13. Be3 b6 14.
Bxf7 Rxf7 15. Rd8+ Rf8 16. Rad1 Bf5 17. Rxf8+ Bxf8 18. Rd8 Bxe4 19. Rxf8+
Kg7 20. Re8 Bxf3 21. gxf3 g5 22. f4 h6 23. Kg2 Kf7 24. Rh8 Kg7 25. Rc8 Kf7
26. Kf3 Ke6 27. Kg4 Kd7 28. Rf8 Kc7 29. Kh5 a5 30. Kxh6 Ra6 31. Rxf6 Nd7
32. Rf7 g4 33. f5 c5 34. Bf4+ Kd8 35. Kg7 b5 36. f6 Re6 37. Bg5 Re5 38. Kg6
Re2 39. Re7 Ne5+ 40. Kh5 Rxf2 41. Rxe5 Rxh2+ 42. Kxg4 Kd7 43. Kf5 Rxc2 44.
f7 Rf2+ 45. Bf4 1-0

[Event "World Blitz Women 2023"]
[Site "Samarkand UZB"]
[Date "2023.12.30"]
[Round "12.21"]
[White "Khotenashvili, Bella"]
[Black "Mammadova, Gulnar"]
[Result "1-0"]
[WhiteElo "2358"]
[BlackElo "2247"]
[EventDate "2023.12.29"]

1. Nf3 Nf6 2. g3 e6 3. Bg2 d5 4. O-O Be7 5. d3 O-O 6. Nbd2 Nc6 7. e4 dxe4
8. dxe4 e5 9. c3 a5 10. a4 Bc5 11. Qc2 Be6 12. Ng5 Bg4 13. Nc4 Qe7 14. Ne3
Bxe3 15. Bxe3 h6 16. Nf3 Qe6 17. Rfd1 Bh3 18. Nd2 Bxg2 19. Kxg2 Rfd8 20. h3
Rd7 21. Nb3 Rxd1 22. Rxd1 b6 23. Nd2 Rd8 24. b3 Qd6 25. Rc1 Qe6 26. Nc4 Ne8
27. Rd1 Qe7 28. Rd5 Nf6 29. Rxd8+ Qxd8 30. Bc1 Qd7 31. Ne3 Ne7 32. Ba3 g6
33. Bxe7 Qxe7 34. Qd3 Kg7 35. Qc4 Qd6 36. b4 Qd7 37. b5 Qd6 38. Nd5 Nxd5
39. exd5 h5 40. h4 Qe7 41. Qc6 e4 42. d6 Qxd6 43. Qxe4 Kf8 44. c4 Qc5 45.
Qf4 Kg7 46. Qe4 Kf8 47. Kf3 Kg7 48. Qd3 Kf8 49. Kg2 Kg7 50. f3 Kf8 51. Qc3
Ke7 52. g4 Kf8 53. gxh5 gxh5 54. Kg3 Qd6+ 55. Kg2 Qg6+ 56. Kf2 Qf5 57. Qd4
Qc2+ 58. Kg3 Qg6+ 59. Kf2 Qc2+ 60. Kg3 Qg6+ 61. Kf4 Qh6+ 62. Ke4 Qg6+ 63.
Ke3 Qh6+ 64. Kf2 Ke7 65. c5 Qe6 66. c6 f6 67. Qd3 Qa2+ 68. Kg3 Qe6 69. Qh7+
Kd6 70. Qxh5 Qe1+ 71. Kg4 Qg1+ 72. Kf5 Qc5+ 73. Kg6 Qc3 74. Qf5 Qe1 75.
Qxf6+ Kc5 76. h5 Qb1+ 77. Qf5+ 1-0

[Event "World Blitz Women 2023"]
[Site "Samarkand UZB"]
[Date "2023.12.30"]
[Round "12.22"]
[White "Munguntuul, Batkhuyag"]
[Black "Sahithi, Varshini M"]
[Result "1-0"]
[WhiteElo "2348"]
[BlackElo "2189"]
[EventDate "2023.12.29"]

1. e4 c5 2. Nf3 e6 3. d4 cxd4 4. Nxd4 Nf6 5. Nc3 Nc6 6. Ndb5 Bb4 7. a3
Bxc3+ 8. Nxc3 d5 9. exd5 exd5 10. Bd3 O-O 11. O-O Bg4 12. f3 Bh5 13. Bg5
Qb6+ 14. Kh1 Ne4 15. Nxe4 dxe4 16. Bxe4 Qxb2 17. Rb1 Qxa3 18. Rxb7 Qa6 19.
Rd7 Bg6 20. Bxg6 hxg6 21. Re1 Rac8 22. h4 Qb5 23. Re4 a5 24. Rd5 Qa6 25. c3
a4 26. Rxa4 Qb7 27. Re4 Qb2 28. Qd2 Qb1+ 29. Kh2 Qb3 30. c4 Rb8 31. Rd3 Qb1
32. Re1 Qb7 33. c5 Nb4 34. Rd7 Qb5 35. Be7 Rfe8 36. Rb1 Qc4 37. Rd4 Qe6 38.
Re4 Qd5 39. Qxd5 Nxd5 40. Rxb8 Rxb8 41. Bd6 Rc8 42. Rd4 Nc3 43. Rb4 Nd5 44.
Rb7 Nc3 45. Kg3 Na4 46. Rb5 Nc3 47. Ra5 Ne2+ 48. Kf2 Nd4 49. Ke3 Nf5+ 50.
Ke4 Nxh4 51. g4 Re8+ 52. Kd5 Nxf3 53. c6 Ng5 54. c7 Ne6 55. Rb5 Kh7 56. Rb1
Ra8 57. Rh1+ Kg8 58. Kc6 Nxc7 59. Bxc7 Ra4 60. g5 Rg4 61. Bd8 Rd4 62. Be7
Rd3 63. Rg1 Rd2 64. Kc5 Rd7 65. Bd6 Kh7 66. Kc6 Ra7 67. Kd5 Ra5+ 68. Ke4
Ra4+ 69. Kf3 Kg8 70. Be5 Ra5 71. Ke4 Ra4+ 72. Bd4 Rb4 73. Ke3 Rb3+ 74. Kf4
Rb4 75. Ke4 Ra4 76. Rb1 Ra5 77. Be5 Ra4+ 78. Kf3 Ra5 79. Re1 Ra3+ 80. Kf4
Ra4+ 81. Re4 Ra2 82. Rd4 Rf2+ 83. Kg3 Re2 84. Bf4 Ra2 85. Rd8+ Kh7 86. Rf8
Ra7 87. Be3 Re7 88. Kf4 Rb7 89. Bd4 Rb4 90. Ke4 Rb7 91. Kd5 Rb5+ 92. Bc5
Rb7 93. Kc6 Rb1 94. Rxf7 Re1 95. Bd4 Re6+ 96. Kd5 Ra6 97. Rxg7+ Kh8 98.
Ra7+ 1-0

[Event "World Blitz Women 2023"]
[Site "Samarkand UZB"]
[Date "2023.12.30"]
[Round "12.23"]
[White "Padmini, Rout"]
[Black "Hejazipour, Mitra"]
[Result "1/2-1/2"]
[WhiteElo "2302"]
[BlackElo "2228"]
[EventDate "2023.12.29"]

1. e4 c5 2. Nf3 e6 3. d3 Nc6 4. g3 d5 5. Nbd2 g6 6. Bg2 Bg7 7. O-O Nge7 8.
Re1 Qc7 9. Nb3 b6 10. Bf4 Qd8 11. e5 Bb7 12. h4 Nf5 13. c3 Qd7 14. d4 cxd4
15. cxd4 a5 16. Qd2 a4 17. Nc1 Na5 18. b3 O-O 19. Rb1 axb3 20. axb3 Rfc8
21. g4 Ne7 22. h5 Qc7 23. Ne2 Qc2 24. Qe3 Ba6 25. Bf1 gxh5 26. gxh5 Nf5 27.
Qd2 Qxd2 28. Bxd2 Rc2 29. Rec1 Rac8 30. b4 Rxc1 31. Nxc1 Bxf1 32. bxa5 Bh3
33. axb6 Bg4 34. b7 Rb8 35. Ba5 Bxf3 36. Bc7 Rxb7 37. Rxb7 Bh6 38. Nb3 Bxh5
39. Bd6 Nh4 40. Rb8+ Kg7 41. Bf8+ Kg6 42. Bxh6 Kxh6 43. Kh2 Bd1 44. Kg3
Nf5+ 45. Kf4 Bxb3 46. Rxb3 Nxd4 47. Rh3+ Kg6 48. Rg3+ Kh6 49. Rg8 Nf5 50.
f3 Kh5 51. Rh8 Kg6 52. Rg8+ Kh6 53. Kg4 d4 54. Kf4 Kh5 55. Ke4 Kh4 56. Rf8
h5 57. Rxf7 Kg3 58. Rf6 h4 59. Rxe6 h3 60. Kxf5 h2 61. Rh6 d3 62. e6 d2 63.
e7 d1=Q 64. e8=Q Qxf3+ 65. Kg6 h1=Q 66. Qe5+ Kf2 67. Qb2+ Kg3 68. Qe5+ Kf2
69. Rxh1 Qxh1 70. Qf4+ Qf3 71. Qxf3+ Kxf3 1/2-1/2

[Event "World Blitz Women 2023"]
[Site "Samarkand UZB"]
[Date "2023.12.30"]
[Round "12.24"]
[White "Gvetadze, Sofio"]
[Black "Nomin-Erdene, Davaademberel"]
[Result "1-0"]
[WhiteElo "2170"]
[BlackElo "2299"]
[EventDate "2023.12.29"]

1. Nf3 f5 2. g3 Nf6 3. Bg2 g6 4. O-O Bg7 5. d3 O-O 6. Nbd2 d6 7. c3 c6 8.
e4 e5 9. Qb3+ Kh8 10. exf5 gxf5 11. Re1 Na6 12. Nc4 Nc5 13. Qc2 Be6 14.
Ncd2 Ncd7 15. d4 e4 16. Ng5 Bg8 17. f3 d5 18. fxe4 fxe4 19. Nf1 Ng4 20. Nh3
c5 21. Ne3 Nh6 22. Rd1 cxd4 23. cxd4 Qb6 24. Kh1 Rac8 25. Qe2 Bxd4 26. Nxd5
Bxd5 27. Bxh6 Rfe8 28. Qh5 Nf6 29. Qh4 Re6 30. Nf4 Rd6 31. Nxd5 Nxd5 32.
Qxe4 Rxh6 33. Qxd4+ Qxd4 34. Rxd4 Ne3 35. Bxb7 Rc2 36. h4 Nf5 37. Rg4 Rd6
38. Re1 h5 39. Rg5 Nd4 40. Re8+ Kh7 41. Be4+ 1-0

[Event "World Blitz Women 2023"]
[Site "Samarkand UZB"]
[Date "2023.12.30"]
[Round "12.25"]
[White "Aydin, Gulenay"]
[Black "Khamdamova, Afruza"]
[Result "1-0"]
[WhiteElo "2009"]
[BlackElo "2295"]
[EventDate "2023.12.29"]

1. e4 e5 2. Nf3 Nc6 3. Nc3 Nf6 4. d4 exd4 5. Nxd4 Bb4 6. Nxc6 bxc6 7. Bd3
O-O 8. O-O d5 9. exd5 cxd5 10. h3 Rb8 11. Qf3 Rb6 12. Bg5 Bb7 13. Rad1 h6
14. Bh4 g5 15. Bg3 d4 16. Ne4 Nxe4 17. Bxe4 Bxe4 18. Qxe4 f5 19. Qxd4 Qxd4
20. Rxd4 f4 21. Bh2 Bc5 22. Rd7 Bd6 23. b3 Rc6 24. c4 a5 25. g3 a4 26. Kg2
h5 27. gxf4 gxf4 28. Kf3 axb3 29. Rg1+ Kh8 30. Rgg7 Rb8 31. Rh7+ Kg8 32.
Rdg7+ Kf8 33. axb3 Rxb3+ 34. Ke4 Rxc4+ 35. Kd5 Rc5+ 36. Ke6 Re5+ 37. Kf6
Be7+ 38. Kxe5 Bd6+ 39. Kf6 Ke8 1-0

[Event "World Blitz Women 2023"]
[Site "Samarkand UZB"]
[Date "2023.12.30"]
[Round "12.1"]
[White "Batsiashvili, Nino"]
[Black "Krush, Irina"]
[Result "1/2-1/2"]
[WhiteElo "2233"]
[BlackElo "2359"]
[EventDate "2023.12.29"]

1. c4 c5 2. Nf3 Nc6 3. Nc3 g6 4. h4 h5 5. d4 cxd4 6. Nxd4 Bg7 7. Nb3 Nf6 8.
Bg5 d6 9. e3 O-O 10. Be2 Bf5 11. O-O Nh7 12. e4 Bd7 13. c5 Nxg5 14. hxg5
Be6 15. cxd6 exd6 16. Qd2 Bxb3 17. axb3 Nd4 18. Bc4 a6 19. Rad1 Qe7 20. Nd5
Qxe4 21. Nf6+ Bxf6 22. gxf6 Nf5 23. Bd3 Qg4 24. Bxf5 Qxf5 25. Qxd6 Rae8 26.
Rfe1 Rxe1+ 27. Rxe1 Rc8 28. b4 h4 29. Qe5 Qg4 30. Qe3 Qf5 31. Qe5 Qg4 32.
Qe3 Qf5 33. Qe5 Qg4 34. Qe4 Qg5 35. Qe5 Qg4 36. Qe4 Qg5 37. Qe5 Qg4 38. Kh2
Rd8 39. Qe4 Qxe4 40. Rxe4 Rd6 41. Rxh4 Rxf6 42. Rd4 Rb6 43. Kg3 Kg7 44. Kf4
Rb5 45. g4 g5+ 46. Ke4 Kf6 47. Rd6+ Ke7 48. Rd4 Ke6 49. f3 a5 50. bxa5 Rxb2
51. Rc4 Rb5 52. a6 Re5+ 53. Kd4 Rd5+ 54. Ke4 bxa6 55. Rc6+ Rd6 56. Rc5 Rb6
57. Rxg5 Kf6 58. Rh5 Kg6 59. Rd5 Rc6 1/2-1/2

[Event "World Blitz Women 2023"]
[Site "Samarkand UZB"]
[Date "2023.12.30"]
[Round "12.2"]
[White "Buksa, Nataliya"]
[Black "Peycheva, Gergana"]
[Result "1-0"]
[WhiteElo "2316"]
[BlackElo "2216"]
[EventDate "2023.12.29"]

1. e4 c6 2. Nf3 d5 3. e5 g6 4. d4 Bg7 5. h3 c5 6. c3 Nc6 7. Be3 cxd4 8.
cxd4 e6 9. Nc3 Nge7 10. g4 f6 11. exf6 Bxf6 12. Bd3 O-O 13. h4 e5 14. dxe5
Nxe5 15. Nxe5 Bxe5 16. Bg5 Bf6 17. Qe2 Qb6 18. O-O-O Bd7 19. Bxf6 Qxf6 20.
Kb1 Rae8 21. h5 Qxf2 22. Qxf2 Rxf2 23. g5 gxh5 24. Rde1 Ng6 25. Nxd5 Rxe1+
26. Rxe1 Kg7 27. Nf6 Bc6 28. Nxh5+ Kf7 29. Bc4+ Kf8 30. Nf6 h6 31. Ng4 Rf4
32. Bd3 hxg5 33. Nh6 Ne7 34. Rg1 Rf6 35. Ng4 Rd6 36. Bc2 Nd5 37. Ne5 Re6
38. Rxg5 Nf4 39. Bb3 Rf6 40. a3 Bd5 41. Nd7+ Ke7 42. Nxf6 Kxf6 43. Rxd5
Nxd5 44. Bxd5 b6 45. Bh1 Ke5 46. Kc2 Kd4 47. Bg2 b5 48. b3 a5 49. Bc6 Kc5
50. Be8 Kd5 1-0

[Event "World Blitz Women 2023"]
[Site "Samarkand UZB"]
[Date "2023.12.30"]
[Round "12.3"]
[White "Beydullayeva, Govhar"]
[Black "Kiolbasa, Oliwia"]
[Result "0-1"]
[WhiteElo "2132"]
[BlackElo "2313"]
[EventDate "2023.12.29"]

1. Nf3 d5 2. g3 Nf6 3. Bg2 e6 4. O-O c5 5. d4 Nc6 6. c4 dxc4 7. dxc5 Qxd1
8. Rxd1 Bxc5 9. Nbd2 c3 10. bxc3 O-O 11. Nb3 Be7 12. Nfd4 Nxd4 13. cxd4 Nd5
14. Bd2 f5 15. Rac1 b6 16. Bxd5 exd5 17. Rc7 Bd8 18. Rc6 Bf6 19. Bf4 Ba6
20. e3 Rac8 21. Rdc1 Bc4 22. Rxc8 Rxc8 23. Nd2 b5 24. Bd6 a5 25. a3 Kf7 26.
f4 Ke6 27. Bc5 Rxc5 28. dxc5 Bb2 29. Rb1 Bxa3 30. c6 Kd6 31. Nxc4+ bxc4 32.
Ra1 Bb4 33. Kf2 Kxc6 34. Ke2 Kb5 35. Kd1 a4 36. Kc2 a3 37. Rd1 Kc5 38. Kb1
Bc3 39. Ka2 Bb2 40. g4 fxg4 41. Rg1 h5 42. f5 d4 43. exd4+ Kxd4 44. Rd1+
Ke5 45. Rf1 h4 46. Kb1 g3 47. hxg3 hxg3 48. Rg1 Kxf5 49. Rxg3 g5 50. Ka2
Kf4 51. Rg1 g4 52. Rf1+ Ke3 53. Rg1 Kf3 54. Rf1+ Ke4 55. Rg1 Kf4 56. Rf1+
Kg5 57. Rg1 c3 58. Kb3 Kf4 59. Rf1+ Ke3 60. Rg1 Kf3 61. Rf1+ Kg2 62. Rf4 g3
63. Rc4 Kf2 64. Rf4+ Ke3 65. Rf8 g2 66. Re8+ Kf2 67. Rf8+ Kg1 68. Rf5 Bc1
69. Rf8 Bd2 70. Rf7 a2 71. Kxa2 c2 72. Rc7 c1=Q 0-1

[Event "World Blitz Women 2023"]
[Site "Samarkand UZB"]
[Date "2023.12.30"]
[Round "12.4"]
[White "Cori T., Deysi"]
[Black "Savitha, Shri B"]
[Result "1-0"]
[WhiteElo "2304"]
[BlackElo "2183"]
[EventDate "2023.12.29"]

1. d4 Nf6 2. Nf3 g6 3. g3 Bg7 4. Bg2 c5 5. O-O cxd4 6. Nxd4 O-O 7. c4 Nc6
8. Nc3 a6 9. h3 Qc7 10. Be3 e6 11. Rc1 d6 12. Nd5 exd5 13. cxd5 Nxd5 14.
Bxd5 Bxh3 15. Nxc6 Bxf1 16. Nd4 Qa5 17. Nb3 Qxa2 18. Bd4 Bxe2 19. Qd2 Bxd4
20. Qxd4 Rac8 21. Ra1 Qxa1+ 22. Nxa1 Rc1+ 23. Kg2 Rxa1 24. Bxb7 Bf1+ 25.
Kh2 Bb5 26. Bd5 Rf1 27. Kg2 Re1 28. Qf6 Re2 29. b3 Re5 30. Qxd6 Rf5 31. Be4
Rh5 32. g4 Rg5 33. f3 h6 34. Qf6 Rc8 35. b4 Re8 36. Qd6 Rge5 37. Qd4 R5e6
38. Kg3 Kh7 39. Qa7 R8e7 40. Qc5 Re5 41. Qd6 h5 42. gxh5 R5e6 43. hxg6+
fxg6 44. Qd8 Kg7 45. Qd4+ Kf7 46. Bd5 Bc6 47. Bxe6+ Rxe6 48. Qa7+ Kf6 49.
Qxa6 Bxf3 50. Qa1+ Kf5 51. Kxf3 g5 52. Qb1+ Kf6 53. Qb2+ Kg6 54. Qc2+ Kh5
55. Qh2+ Kg6 56. b5 Rb6 57. Qc2+ Kh5 58. Qh2+ Kg6 59. Qb2 Kh5 60. Qb4 Rf6+
61. Kg3 Re6 62. Qg4+ 1-0

[Event "World Blitz Women 2023"]
[Site "Samarkand UZB"]
[Date "2023.12.30"]
[Round "12.5"]
[White "Injac, Teodora"]
[Black "Toncheva, Nadya"]
[Result "0-1"]
[WhiteElo "2287"]
[BlackElo "2162"]
[EventDate "2023.12.29"]

1. Nf3 c5 2. c4 g6 3. d4 cxd4 4. Nxd4 Bg7 5. e4 Nc6 6. Be3 Nf6 7. Nc3 O-O
8. Be2 d6 9. O-O Bd7 10. Qd2 Nxd4 11. Bxd4 Bc6 12. f3 a5 13. b3 Nd7 14. Be3
Nc5 15. Rac1 Qb6 16. Nd5 Bxd5 17. cxd5 Rfc8 18. Rc4 Qd8 19. Rfc1 b5 20.
Rxc5 dxc5 21. Bxb5 a4 22. Bxa4 c4 23. Bc6 c3 24. Qc2 Ra5 25. b4 Ra3 26. b5
Qa5 27. b6 Rxa2 28. Qb3 Ra1 29. b7 Rb8 30. Rxa1 Qxa1+ 31. Kf2 Qb2+ 32. Qxb2
cxb2 33. Bf4 Rxb7 0-1

[Event "World Blitz Women 2023"]
[Site "Samarkand UZB"]
[Date "2023.12.30"]
[Round "12.6"]
[White "Fataliyeva, Ulviyya"]
[Black "Borisova, Ekaterina"]
[Result "0-1"]
[WhiteElo "2268"]
[BlackElo "2130"]
[EventDate "2023.12.29"]

1. d4 g6 2. e4 Bg7 3. Nc3 c5 4. Nf3 cxd4 5. Nxd4 Nc6 6. Be3 d6 7. Be2 Nf6
8. h3 O-O 9. O-O Bd7 10. Qd2 a6 11. a4 Rc8 12. Nxc6 Bxc6 13. f3 Re8 14. Nd5
Bxd5 15. exd5 Nh5 16. Rfb1 Ng3 17. Bd3 Qd7 18. c3 Nf5 19. Bf2 Bh6 20. Qe2
e5 21. dxe6 Rxe6 22. Bxf5 gxf5 23. Qd3 Rce8 24. a5 Be3 25. Bxe3 Rxe3 26.
Qd4 Re2 27. Ra4 R8e6 28. Qh4 Rg6 29. g3 Qe8 30. Rf1 Qe3+ 31. Kh1 Qd2 32.
Qd8+ Kg7 33. Qb6 Rh2+ 0-1

[Event "World Blitz Women 2023"]
[Site "Samarkand UZB"]
[Date "2023.12.30"]
[Round "12.7"]
[White "Nurgaliyeva, Zarina"]
[Black "Tokhirjonova, Gulrukhbegim"]
[Result "1-0"]
[WhiteElo "2001"]
[BlackElo "2265"]
[EventDate "2023.12.29"]

1. e4 e5 2. Nf3 Nc6 3. Nc3 Nf6 4. Bb5 Bb4 5. O-O O-O 6. Bxc6 dxc6 7. d3 Re8
8. Ne2 Bf8 9. Ng3 g6 10. h3 c5 11. Be3 Qd6 12. Nh2 Bg7 13. Qd2 Be6 14. f4
exf4 15. Bxf4 Qb6 16. Kh1 Nd7 17. c3 Rad8 18. a4 Ne5 19. Bxe5 Bxe5 20. Rf3
Qd6 21. Nhf1 c6 22. Qg5 f6 23. Qh6 Qc7 24. Ne2 Rd7 25. Nc1 f5 26. Ne2 fxe4
27. dxe4 Bc4 28. Nfg3 Rd3 29. Rxd3 Bxd3 30. Qe3 Bc4 31. Qg5 Rf8 32. Re1 Rf2
33. b3 Bxb3 34. Nf5 Bc4 35. Ng1 Qf7 36. Nh6+ Kg7 37. Nxf7 Bxf7 38. Nf3 Bf6
39. Qe3 Rc2 40. e5 Be7 41. e6 Be8 42. Nd2 Bf6 43. Ne4 Be7 44. Qf4 Ra2 45.
Qe5+ Kh6 46. g4 Rxa4 47. g5+ Kh5 48. Ng3+ Kh4 49. Re4+ Rxe4 50. Nxe4 1-0

[Event "World Blitz Women 2023"]
[Site "Samarkand UZB"]
[Date "2023.12.30"]
[Round "12.8"]
[White "Badelka, Olga"]
[Black "Zhao, Shengxin"]
[Result "1-0"]
[WhiteElo "2262"]
[BlackElo "2079"]
[EventDate "2023.12.29"]

1. Nf3 d5 2. g3 Nf6 3. Bg2 c5 4. d4 Nc6 5. c4 cxd4 6. Nxd4 e6 7. O-O Bc5 8.
Nb3 Be7 9. cxd5 Nxd5 10. Na3 O-O 11. Nc4 b5 12. Ne3 Nxe3 13. Bxe3 Bb7 14.
Rc1 Rc8 15. Nc5 Ba8 16. Qd3 Ne5 17. Qxd8 Rfxd8 18. Bxa8 Rxa8 19. b3 Rac8
20. Nb7 Rxc1 21. Rxc1 Rb8 22. Na5 Bb4 23. Nc6 Nxc6 24. Rxc6 a5 25. a4 h5
26. f4 Kf8 27. Kf2 Rb7 28. Bc5+ Bxc5+ 29. Rxc5 bxa4 30. bxa4 Ra7 31. Rxh5
Ke7 32. Rb5 Kd6 33. g4 f6 34. h4 Rc7 35. Rxa5 Rc4 36. Kf3 Rc3+ 37. e3 Rc1
38. h5 Rf1+ 39. Kg2 Re1 40. Kf2 Rh1 41. Ra7 Rh2+ 42. Kg3 Re2 43. Kf3 1-0

[Event "World Blitz Women 2023"]
[Site "Samarkand UZB"]
[Date "2023.12.30"]
[Round "12.9"]
[White "Nurmanova, Alua"]
[Black "Velpula, Sarayu"]
[Result "1-0"]
[WhiteElo "2249"]
[BlackElo "1747"]
[EventDate "2023.12.29"]

1. e4 c5 2. Nf3 d6 3. d4 cxd4 4. Nxd4 Nf6 5. Nc3 a6 6. h3 e5 7. Nf3 Be7 8.
g4 h6 9. Rg1 Nc6 10. Be3 Be6 11. g5 hxg5 12. Nxg5 Qa5 13. Qd2 d5 14. exd5
Bxd5 15. Nxd5 Qxd2+ 16. Bxd2 Nxd5 17. Ne4 g6 18. O-O-O O-O-O 19. c3 Nc7 20.
Bg2 Ne6 21. Be3 f5 22. Nd2 e4 23. f3 exf3 24. Nxf3 Rde8 25. Nd2 Ne5 26. Bd5
Nc7 27. Bg2 Bh4 28. Bd4 Rhg8 29. Kc2 Nd7 30. Bf3 g5 31. Nc4 f4 32. Nd6+ Kb8
33. Nxe8 Rxe8 34. Bg4 Nf8 35. Rd2 Nb5 36. Bc5 Ng6 37. Re2 Ne5 38. Bh5 Re6
39. a4 Nc7 40. Bd4 Nc6 41. Rxe6 Nxe6 42. Bf6 f3 43. Bxf3 Nf4 44. Bg4 Kc7
45. Bf5 Ne2 46. Rg2 Nf4 47. Rg1 Ne2 48. Rg4 Nf4 49. Bxg5 Bxg5 50. Rxg5 Ne5
51. h4 Nd5 52. h5 Nf3 53. Rg7+ Kd6 54. Be4 Ne3+ 55. Kd3 1-0

[Event "World Blitz Women 2023"]
[Site "Samarkand UZB"]
[Date "2023.12.30"]
[Round "12.10"]
[White "Bobomurodova, Maftuna"]
[Black "Abdulla, Khayala"]
[Result "1/2-1/2"]
[WhiteElo "1814"]
[BlackElo "2118"]
[EventDate "2023.12.29"]

1. e4 c5 2. Nf3 e6 3. d4 cxd4 4. Nxd4 a6 5. c4 Nf6 6. Nc3 Qc7 7. Be2 b6 8.
O-O Bb7 9. Qc2 Nc6 10. Nxc6 Bxc6 11. Be3 Bc5 12. Bxc5 bxc5 13. b3 O-O 14.
Rad1 Rfd8 15. f4 d6 16. Bf3 Rac8 17. Qe2 Qb7 18. e5 Bxf3 19. Rxf3 dxe5 20.
fxe5 Rxd1+ 21. Qxd1 Nd7 22. Rd3 Rc7 23. Na4 h6 24. Qe2 Nf8 25. Rd6 Ng6 26.
Qe3 Qc8 27. Qd3 Qb7 28. Rd8+ Kh7 29. h4 Qb4 30. Nc3 h5 31. Qf3 Nf4 32. Qxf4
Qxc3 33. Qe4+ g6 34. Rd1 Qg3 35. Rf1 Kg7 36. Qf4 Qxf4 37. Rxf4 Rd7 38. Rf2
Rd4 39. g3 Re4 40. Rd2 Rxe5 41. Rd6 Re3 42. Kf2 Rc3 43. Rxa6 e5 44. Rc6 f6
45. Rxc5 Rc2+ 46. Kf3 Rxa2 47. Rc7+ Kh6 48. c5 f5 49. c6 e4+ 50. Ke3 Rg2
51. Kf4 Rf2+ 52. Ke3 Rf3+ 53. Ke2 Rxb3 54. Rc8 Rc3 55. c7 Kg7 56. Kd2 Rc6
57. Ke3 Rc1 58. Kd2 Rc6 59. Ke3 Kh7 60. Kd4 Kg7 61. Ke3 Rc1 62. Kd2 Rc6 63.
Ke3 Rc3+ 64. Kd2 Rc6 1/2-1/2

[Event "World Blitz Women 2023"]
[Site "Samarkand UZB"]
[Date "2023.12.30"]
[Round "12.11"]
[White "Serikbay, Assel"]
[Black "Arabidze, Meri"]
[Result "1-0"]
[WhiteElo "2126"]
[BlackElo "2416"]
[EventDate "2023.12.29"]

1. e4 c5 2. Nf3 e6 3. d4 cxd4 4. Nxd4 Nc6 5. Nc3 Qc7 6. Ndb5 Qb8 7. Be3 a6
8. Nd4 Nf6 9. Be2 Be7 10. O-O O-O 11. Kh1 d6 12. f4 Bd7 13. Bf3 Qc7 14. Qe2
Rac8 15. Rad1 b5 16. a3 Na5 17. g4 Nc4 18. Bc1 Nxa3 19. g5 Ne8 20. f5 b4
21. bxa3 bxc3 22. Bg4 e5 23. f6 Bxg4 24. Qxg4 Bd8 25. Nf5 Qc4 26. Rf3 g6
27. Nh6+ Kh8 28. Rh3 Nxf6 29. gxf6 Bxf6 30. Qf3 Bg7 31. Ng4 f5 32. Ne3 Qc6
33. Nd5 Rf7 34. Qxc3 Qd7 35. Qb4 Rcf8 36. Rg3 fxe4 37. Qxe4 Rf2 38. Rdg1
Qf7 39. Be3 Re2 40. Qd3 Rf2 41. Bxf2 Qxf2 42. Qe3 Qxc2 43. Rf3 Re8 44. Rgf1
Kg8 45. Qb3 Qe2 46. Nf6+ 1-0